000 00350nam a2200145Ia 4500
008 230917s9999||||xx |||||||||||||| ||und||
040 _e56058
_aMAIN
041 _aEnglish
082 _a824.081 S81S
100 _aStrachey, Lytton
245 0 _aSpectatorial essays
260 _aLondon
_bChatto and Windus
_c1964
300 _a217 p.
942 _cBK
999 _c189187
_d189187